[Event "Mechanics' Spring TNM; G/2"]
[Site "San Francisco"]
[Date "2015.03.31"]
[Round "3.25"]
[White "Ross, David"]
[Black "Mandjian, Vahak"]
[Result "0-1"]
[WhiteElo "1519"]
[BlackElo "1796"]
[Annotator "Donaldson"]
[PlyCount "62"]
[EventDate "2015.??.??"]

1. e4 c5 2. Nf3 d6 3. d4 cxd4 4. Nxd4 Nf6 5. Nc3 a6 6. h3 Nbd7 7. g4 h6 8. Bg2
e6 9. Be3 Nb6 10. g5 hxg5 11. Bxg5 Be7 12. Qe2 Qc7 13. f4 Nc4 14. O-O-O d5 15.
e5 Nxb2 16. Kxb2 Ba3+ 17. Kb3 $4 (17. Kxa3 Qxc3+ 18. Nb3 $18) 17... Qc5 (17...
Qa5) 18. Nxd5 Nxd5 19. Qc4 Qxc4+ 20. Kxc4 Ne3+ 21. Kb3 Bc5 22. Nb5 (22. Nf5
Nxd1 23. Rxd1 O-O $17) 22... f6 (22... O-O) 23. Nc7+ $2 Kf7 24. Nxa8 Nxg2 25.
exf6 gxf6 26. Bxf6 $2 Kxf6 27. Rd3 Nxf4 28. Rf1 e5 29. Nc7 Bxh3 30. Nd5+ Kg5
31. Nxf4 Bxf1 0-1

[Event "Mechanics' Winter TNM; 30/90, SD/30"]
[Site "San Francisco"]
[Date "2015.01.13"]
[Round "2.24"]
[White "Ross, David"]
[Black "Potharam, Eitetsu"]
[Result "1/2-1/2"]
[WhiteElo "1523"]
[BlackElo "1850"]
[PlyCount "77"]
[EventDate "2015.??.??"]

1. e4 c5 2. Nf3 d6 3. d4 cxd4 4. Nxd4 Nf6 5. Nc3 g6 6. Be3 Bg7 7. f3 O-O 8. Qd2
Nc6 9. Bc4 Bd7 10. O-O-O Rc8 11. Bb3 Ne5 12. Kb1 Nc4 13. Bxc4 Rxc4 14. g4 b5
15. Nce2 Qc7 16. h4 Rc8 17. Rc1 a5 18. h5 b4 19. hxg6 fxg6 20. Bh6 Bh8 21. Nf4
Nxe4 22. fxe4 Rxd4 23. Qh2 Bxg4 24. Bg7 h5 25. Bxd4 Bxd4 26. Nxg6 e5 27. Qg2
Qg7 28. Ne7+ Qxe7 29. Rxh5 Qg7 30. Rh4 Be6 31. Qh2 Rc7 32. Rh1 Kf8 33. Rh7 Qxh7
34. Qxh7 Rxh7 35. Rxh7 Bf7 36. Kc1 Bg6 37. Rh4 Be3+ 38. Kd1 Ke7 39. Ke2 1/2-1/2

[Event "Mechanics' Spring TNM; G/2"]
[Site "San Francisco"]
[Date "2015.03.17"]
[Round "1.11"]
[White "Ross, David"]
[Black "Smith III, Mahlon"]
[Result "0-1"]
[WhiteElo "1519"]
[BlackElo "2121"]
[PlyCount "64"]
[EventDate "2015.??.??"]

1. e4 c5 2. Nf3 d6 3. d4 cxd4 4. Nxd4 Nf6 5. Nc3 a6 6. h3 Qc7 7. g4 e5 8. Nb3
Be6 9. Be3 Be7 10. Qd2 O-O 11. O-O-O Rd8 12. g5 Nfd7 13. Kb1 Nb6 14. Bxb6 Qxb6
15. Nd5 Bxd5 16. Qxd5 Bxg5 17. Bc4 Qc7 18. f4 Bxf4 19. Rhg1 Nc6 20. c3 b5 21.
Be2 Ne7 22. Qd3 d5 23. Rdf1 Qc4 24. Qc2 Qxe4 25. Bd3 Qe3 26. Bxh7+ Kh8 27. Qg2
g6 28. Qg4 Qe4+ 29. Ka1 Qf5 30. Qh4 g5 31. Bxf5+ gxh4 32. Bc2 Rg8 0-1

[Event "Mechanics' Spring TNM; G/2"]
[Site "San Francisco"]
[Date "2015.04.14"]
[Round "5.45"]
[White "Rothman, Ivan"]
[Black "Eastham, Asher"]
[Result "1-0"]
[WhiteElo "1397"]
[BlackElo "1289"]
[Annotator "Winslow,Elliott"]
[PlyCount "103"]
[EventDate "2015.??.??"]

1. Nf3 d5 2. g3 Nf6 3. Bg2 Bf5 4. O-O e6 5. d3 Be7 6. Nbd2 O-O 7. b3 c5 8. Bb2
Nc6 9. Re1 Re8 10. Nh4 Bg4 11. h3 Bh5 12. g4 Bg6 13. Nxg6 hxg6 14. e4 Qd7 15.
e5 Nh7 16. f4 Qc7 17. Nf3 a5 18. Qd2 Qb6 19. c4 Red8 20. Ng5 Nxg5 21. fxg5 dxc4
22. bxc4 Nb4 23. Be4 Rd7 24. Rf1 Qd8 25. Rf3 Bxg5 26. Qf2 Nxd3 27. Bxd3 Rxd3
28. Rxd3 Qxd3 29. Bc1 Bxc1 30. Rxc1 Qd4 31. Qxd4 cxd4 32. Rd1 Rd8 33. Kf2 f6
34. exf6 gxf6 35. Kf3 Kf7 36. Ke4 e5 37. Rb1 Rd7 38. Rb5 d3 39. Rb1 Ke6 40.
Rb6+ Ke7 41. Rb1 Kd8 42. Rd1 Kc7 43. Rxd3 Rxd3 44. Kxd3 Kd6 45. h4 {Diagram [#]
} Kc5 $4 {
Time to learn about Keeping the King in the Square of the Passed Pawn!} (45...
f5) (45... Ke6) (45... Ke7) 46. h5 gxh5 47. gxh5 f5 48. h6 f4 49. h7 f3 50.
h8=Q f2 51. Qxe5+ Kb4 52. Qf4 (52. Qb5+ Ka3 53. Qb3#) 1-0

[Event "Mechanics' Leighton Allen TNM; G/2"]
[Site "San Francisco"]
[Date "2015.08.25"]
[Round "4.18"]
[White "Rothman, Ivan"]
[Black "Eytan, David"]
[Result "1-0"]
[WhiteElo "1513"]
[BlackElo "1685"]
[PlyCount "61"]
[EventDate "2015.??.??"]

1. Nf3 c5 2. g3 Nc6 3. Bg2 d6 4. O-O g6 5. d3 Bg7 6. e4 Nf6 7. c3 Bd7 8. Nbd2
a5 9. h4 Rc8 10. Re1 O-O 11. Nf1 Na7 12. a4 b5 13. axb5 Nxb5 14. Bd2 c4 15. d4
Qb6 16. N3h2 Nc7 17. Ne3 Ne6 18. Qc2 a4 19. Nd5 Nxd5 20. exd5 Bxd4 21. cxd4
Nxd4 22. Qc3 Nb5 23. Qe3 Qxe3 24. Rxe3 Nd4 25. Rxe7 Bb5 26. Bc3 Nb3 27. Rae1
Ra8 28. Rb7 Ba6 29. Rb6 Rfd8 30. Bf6 Rd7 31. Rxa6 1-0

[Event "Mechanics' Winter TNM; 30/90, SD/30"]
[Site "San Francisco"]
[Date "2015.02.17"]
[Round "7.34"]
[White "Rothman, Ivan"]
[Black "Furukawa, Jon"]
[Result "0-1"]
[WhiteElo "1379"]
[BlackElo "1627"]
[PlyCount "56"]
[EventDate "2015.??.??"]

1. Nf3 Nf6 2. g3 g6 3. Bg2 Bg7 4. O-O O-O 5. d3 d6 6. e4 e5 7. Be3 c5 8. Nc3
Nc6 9. Bg5 h6 10. Bxf6 Bxf6 11. Nd5 Bg7 12. c3 Be6 13. c4 Rb8 14. h4 Nd4 15.
Nxd4 cxd4 16. Kh2 Qd7 17. f3 b5 18. b3 bxc4 19. bxc4 Rb2 20. Qe1 Rfb8 21. Rf2
Bxd5 22. cxd5 h5 23. Rxb2 Rxb2 24. Qa5 Qb7 25. Qd8+ Bf8 26. Rc1 Rxg2+ 27. Kh3
Qb2 28. Qg5 Rh2# 0-1

[Event "Mechanics' Leighton Allen TNM; G/2"]
[Site "San Francisco"]
[Date "2015.09.15"]
[Round "7.27"]
[White "Rothman, Ivan"]
[Black "Gupta, Vishrut"]
[Result "0-1"]
[WhiteElo "1513"]
[BlackElo "1608"]
[Annotator "Donaldson"]
[PlyCount "72"]
[EventDate "2015.??.??"]

1. Nf3 d5 2. g3 Nf6 3. Bg2 c5 4. O-O Nc6 5. d3 Bg4 6. Nbd2 e6 7. b3 Be7 8. Bb2
O-O 9. e4 d4 10. a4 a6 11. h3 Bxf3 12. Nxf3 e5 13. Bc1 Qd6 14. Nh2 b5 15. f4
Qe6 16. f5 Qd6 17. g4 b4 18. g5 Nd7 19. f6 gxf6 20. gxf6 Bxf6 21. Bh6 Bg7 22.
Bxg7 Kxg7 23. Qg4+ Kh8 24. Qh4 Ne7 25. Rf3 Ng6 26. Qh6 Nf6 27. Ng4 Nxg4 28.
hxg4 f6 29. Rh3 Ra7 30. Qxg6 $18 Rg7 31. Qf5 Qe7 32. Rh5 Rfg8 33. Bf3 $4 (33.
Kf2 Rxg4 34. Bf3 Rf4 35. Qh3 $18) 33... Rg5 $1 34. Rxg5 fxg5 {Diagram #} 35.
Kf2 $2 (35. Rf1 $1 Rf8 36. Be2 Rxf5 37. Rxf5 {with good chances to resist.
Black needs to look for a well-timed ...c4 followed by ...d3 or ...b3.}) 35...
Rf8 36. Qxf8+ Qxf8 0-1

[Event "Mechanics' Winter TNM; 30/90, SD/30"]
[Site "San Francisco"]
[Date "2015.02.03"]
[Round "5.39"]
[White "Rothman, Ivan"]
[Black "Harris, Clarence"]
[Result "0-1"]
[WhiteElo "1379"]
[BlackElo "1582"]
[Annotator "Donaldson"]
[PlyCount "66"]
[EventDate "2015.??.??"]

1. Nf3 Nf6 2. g3 d5 3. Bg2 e6 4. O-O c5 5. d3 Nc6 6. Nbd2 Be7 7. Re1 O-O 8. e4
Qc7 9. e5 Nd7 10. Qe2 Nd4 11. Nxd4 cxd4 12. Nf1 $6 (12. Nf3) 12... Bb4 13. Bf4
Bxe1 14. Rxe1 Nc5 15. Qg4 Re8 16. Bh6 g6 17. Qxd4 a5 18. Bxd5 $2 Rd8 19. Qf4
exd5 20. Qf6 Ne6 21. f4 Re8 22. Qh4 Qe7 23. Bg5 Nxg5 24. fxg5 Qb4 25. Qxb4 axb4
26. a3 bxa3 27. bxa3 Rxa3 28. d4 Be6 29. Rb1 Rb8 30. Kf2 b5 31. Rb4 Ra4 32. c3
Rxb4 33. cxb4 Ra8 0-1

[Event "Mechanics' Winter TNM; 30/90, SD/30"]
[Site "San Francisco"]
[Date "2015.02.24"]
[Round "8.42"]
[White "Rothman, Ivan"]
[Black "Hood, Bryan"]
[Result "1-0"]
[WhiteElo "1379"]
[BlackElo "1521"]
[PlyCount "69"]
[EventDate "2015.??.??"]

1. Nf3 d5 2. g3 Nf6 3. Bg2 e6 4. O-O Be7 5. d3 Nbd7 6. Nbd2 c5 7. e4 Qc7 8. Re1
Bd6 9. exd5 Nxd5 10. Nc4 O-O 11. a4 a5 12. Bd2 N7f6 13. Nxd6 Qxd6 14. Ne5 Nd7
15. Nc4 Qb8 16. Bxa5 b5 17. axb5 Qxb5 18. Bd2 Rxa1 19. Qxa1 Qb8 20. Bxd5 exd5
21. Bf4 Qb7 22. Nd6 Qa6 23. Qxa6 Bxa6 24. Ra1 Bc8 25. Ra7 Nf6 26. Rc7 Bh3 27.
Rxc5 Ra8 28. f3 h6 29. g4 g5 30. Be5 Kg7 31. Nf5+ Kg6 32. Ne7+ Kg7 33. Nxd5 Ra6
34. Bxf6+ Rxf6 35. Nxf6 1-0

[Event "Mechanics' Spring TNM; G/2"]
[Site "San Francisco"]
[Date "2015.03.17"]
[Round "1.25"]
[White "Rothman, Ivan"]
[Black "Marcus, Joel"]
[Result "0-1"]
[WhiteElo "1397"]
[BlackElo "1820"]
[PlyCount "66"]
[EventDate "2015.??.??"]

1. Nf3 Nf6 2. g3 d5 3. Bg2 Bf5 4. O-O e6 5. d3 Bc5 6. Nbd2 h6 7. c3 c6 8. b4
Bb6 9. a4 a6 10. Qe1 O-O 11. e4 dxe4 12. dxe4 Bh7 13. Bb2 Qe7 14. h3 Rd8 15.
Nh2 Nbd7 16. Kh1 Ne5 17. Qe2 Rd7 18. Nc4 Nxc4 19. Qxc4 Rad8 20. e5 Ne8 21. Be4
Bxe4+ 22. Qxe4 Rd2 23. Bc1 Rxf2 24. Rxf2 Bxf2 25. Qf3 Bb6 26. Ng4 f5 27. exf6
Nxf6 28. Nxf6+ Qxf6 29. Qxf6 gxf6 30. Bxh6 Rd3 31. Kg2 Kf7 32. Rc1 Kg6 33. Bf4
e5 0-1

[Event "Mechanics' Leighton Allen TNM; G/2"]
[Site "San Francisco"]
[Date "2015.09.01"]
[Round "5.15"]
[White "Rothman, Ivan"]
[Black "Maser, Thomas F"]
[Result "0-1"]
[WhiteElo "1513"]
[BlackElo "1941"]
[PlyCount "58"]
[EventDate "2015.??.??"]

1. Nf3 Nf6 2. g3 d5 3. Bg2 Bf5 4. O-O e6 5. d3 Bd6 6. Nbd2 O-O 7. Nh4 Bg4 8. h3
Bh5 9. g4 Nxg4 10. hxg4 Qxh4 11. Nf3 Qxg4 12. c3 Nd7 13. Re1 Ne5 14. Nh2 Qh4
15. f4 Ng4 16. Nxg4 Qxg4 17. Qd2 f5 18. e3 Rf6 19. Rf1 Raf8 20. b3 c6 21. Bb2
Bc5 22. d4 Be7 23. a4 Rg6 24. Ba3 Bxa3 25. Rxa3 Rff6 26. Raa1 Qh3 27. Rf2 Bf3
28. Kf1 Rxg2 29. Rxg2 Rg6 0-1

[Event "Mechanics' Winter TNM; 30/90, SD/30"]
[Site "San Francisco"]
[Date "2015.01.20"]
[Round "3.20"]
[White "Rothman, Ivan"]
[Black "Morgan, Jerry"]
[Result "1/2-1/2"]
[WhiteElo "1379"]
[BlackElo "1524"]
[Annotator "Donaldson"]
[PlyCount "53"]
[EventDate "2015.??.??"]

1. Nf3 f5 2. d3 Nf6 (2... d6 3. e4 e5) 3. e4 d6 (3... fxe4 4. dxe4 Nxe4 5. Bd3)
4. Nbd2 (4. exf5 $1 Bxf5 5. d4 $16) 4... e5 5. a4 (5. Be2) (5. g3) 5... g6 6.
c3 Nc6 7. b4 fxe4 (7... Bg7 8. Be2 O-O) 8. dxe4 Be6 9. Ng5 (9. Bd3) 9... Bg8
10. Be2 h6 11. Ngf3 g5 12. O-O (12. h4 g4 13. Nh2 h5 14. f3) 12... Qd7 13. Nc4
Nxe4 14. Ra3 (14. Qc2 Nf6 15. Rd1) 14... O-O-O 15. Be3 Bxc4 16. Bxc4 g4 17. Nd2
d5 18. Be2 h5 19. Nxe4 dxe4 20. Qc2 Qf5 21. Raa1 Kb8 22. a5 Bh6 23. b5 Ne7 24.
b6 Nd5 (24... Bxe3 25. fxe3 Qg5 26. bxa7+ Kxa7) (24... cxb6 25. axb6 a6 26.
Bxa6 bxa6 27. Rxa6) 25. bxa7+ Ka8 26. Bc5 Bf8 (26... Nf4) 27. Be3 1/2-1/2

[Event "Mechanics' Spring TNM; G/2"]
[Site "San Francisco"]
[Date "2015.04.21"]
[Round "6.44"]
[White "Rothman, Ivan"]
[Black "Nagle, Michael"]
[Result "1-0"]
[WhiteElo "1397"]
[BlackElo "1430"]
[PlyCount "59"]
[EventDate "2015.??.??"]

1. Nf3 Nf6 2. g3 d5 3. Bg2 Bf5 4. O-O e6 5. d3 c5 6. Nbd2 Nc6 7. Nh4 Bg6 8.
Nxg6 hxg6 9. e4 d4 10. a4 Be7 11. f4 Qd7 12. e5 Nd5 13. Nc4 O-O 14. Be4 Rfb8
15. a5 Bd8 16. Bd2 b6 17. axb6 axb6 18. Qg4 b5 19. Nd6 Nce7 20. Bxd5 Nxd5 21.
Ne4 Be7 22. h4 Ne3 23. Bxe3 dxe3 24. Qf3 Qd4 25. Kg2 Qxb2 26. Rxa8 Rxa8 27.
Nf6+ gxf6 28. Qxa8+ Kg7 29. exf6+ Kxf6 $4 30. Qh8+ 1-0

[Event "Mechanics' Leighton Allen TNM; G/2"]
[Site "San Francisco"]
[Date "2015.08.10"]
[Round "2.35"]
[White "Rothman, Ivan"]
[Black "Otterbach, Renate"]
[Result "1/2-1/2"]
[WhiteElo "1513"]
[BlackElo "1063"]
[PlyCount "57"]
[EventDate "2015.??.??"]

1. Nf3 d5 2. g3 e6 3. Bg2 Nf6 4. O-O b6 5. Re1 Bc5 6. d4 Bd6 7. Nbd2 Nbd7 8. c3
O-O 9. Nf1 Ne4 10. N3d2 f5 11. Nxe4 fxe4 12. Be3 Nf6 13. h3 Bd7 14. Nh2 Qc8 15.
f4 Nh5 16. Bf2 c5 17. e3 Nf6 18. g4 g6 19. Nf1 Bb5 20. Ng3 Be7 21. g5 Ne8 22.
h4 Nd6 23. h5 Qe8 24. Bh3 Nf5 25. Bxf5 exf5 26. dxc5 bxc5 27. Qxd5+ Qf7 28.
Qxf7+ Kxf7 29. Rad1 1/2-1/2

[Event "Mechanics' Spring TNM; G/2"]
[Site "San Francisco"]
[Date "2015.05.05"]
[Round "8.28"]
[White "Rothman, Ivan"]
[Black "Starr, Albert"]
[Result "1-0"]
[WhiteElo "1397"]
[BlackElo "1628"]
[Annotator "Donaldson"]
[PlyCount "63"]
[EventDate "2015.??.??"]

1. Nf3 b5 2. g3 Bb7 3. Bg2 e6 4. O-O Nf6 5. d3 Be7 6. Nbd2 O-O 7. e4 d6 8. Re1
Nbd7 9. c3 c5 10. h3 (10. d4) 10... a5 11. Nh2 Ra7 12. d4 a4 13. g4 g6 14. Ndf1
Qa8 15. Qe2 b4 16. Ng3 Rb8 (16... a3 $1) 17. h4 a3 18. bxa3 bxa3 $2 (18... bxc3
$1) 19. g5 Ne8 20. h5 Bf8 21. hxg6 fxg6 (21... Bg7) 22. Qg4 Ng7 23. d5 Ne5 24.
Qd1 exd5 25. exd5 Bc8 26. Bf4 Nc4 27. Ne4 Rf7 28. Nf6+ Kh8 29. Nhg4 Nf5 30. Qd3
Ba6 31. Qh3 Bg7 $4 (31... Rb2 32. Bf3 Qb7 33. Kg2 Rc2 34. Rh1 Qb2 35. Qxh7+)
32. Qxh7# 1-0

[Event "Mechanics' Summer TNM; G/2"]
[Site "San Francisco"]
[Date "2015.06.23"]
[Round "5.6"]
[White "Royzen, Igor"]
[Black "Basak, Aniruddha"]
[Result "0-1"]
[WhiteElo "1878"]
[BlackElo "2031"]
[PlyCount "66"]
[EventDate "2015.??.??"]

1. d4 Nf6 2. Bf4 g6 3. e3 Bg7 4. Nf3 d6 5. h3 O-O 6. Be2 Nbd7 7. O-O b6 8. c4
Ne4 9. Nbd2 Nxd2 10. Qxd2 Bb7 11. Rfd1 a5 12. Rac1 Re8 13. Bh2 e5 14. dxe5 Nxe5
15. Nxe5 Bxe5 16. Bxe5 Rxe5 17. Qd4 Qe7 18. Rc2 Rf8 19. Rcd2 f5 20. c5 Rxc5 21.
Bc4+ d5 22. Bb3 c6 23. Qf4 Ba6 24. Rd4 Re8 25. h4 Qe5 26. Qg5 Bb5 27. h5 Be2
28. hxg6 Bxd1 29. gxh7+ Kh8 30. Bxd1 Rc1 31. Qh5 f4 32. Qg6 fxe3 33. f4 Qe6 0-1

[Event "Mechanics' Winter TNM; 30/90, SD/30"]
[Site "San Francisco"]
[Date "2015.01.06"]
[Round "1.27"]
[White "Royzen, Igor"]
[Black "Gomboluudev, Enkhjin"]
[Result "1-0"]
[WhiteElo "1874"]
[BlackElo "1432"]
[PlyCount "69"]
[EventDate "2015.??.??"]

1. d4 d5 2. Bf4 Nf6 3. e3 c6 4. c4 e6 5. Nc3 Nbd7 6. Nf3 Be7 7. Bd3 dxc4 8.
Bxc4 b5 9. Bd3 Bb7 10. O-O a6 11. Rc1 Rc8 12. Qe2 c5 13. Rfd1 Qb6 14. Ne5 Nxe5
15. dxe5 Nd5 16. Qg4 Bf8 17. Nxd5 Bxd5 {Diagram #} 18. Bxb5+ axb5 19. Rxd5 Ra8
20. Rd2 Rxa2 21. Rcd1 Ra8 22. Bg5 f6 23. exf6 Rg8 24. Qh5+ g6 25. Qxh7 Qa7 26.
Qxg8 Qf7 27. Rd8+ Rxd8 28. Rxd8+ Kxd8 29. Qxf7 Bd6 30. Qxe6 Bf8 31. f7+ Kc7 32.
Bd8+ Kb7 33. Qb6+ Ka8 34. Bc7 Bd6 35. Qb8# 1-0

[Event "Mechanics' Spring TNM; G/2"]
[Site "San Francisco"]
[Date "2015.04.14"]
[Round "5.17"]
[White "Royzen, Igor"]
[Black "Gurovich, Roman"]
[Result "1-0"]
[WhiteElo "1881"]
[BlackElo "1603"]
[PlyCount "89"]
[EventDate "2015.??.??"]

1. d4 Nf6 2. Bf4 g6 3. e3 c6 4. Nf3 Qb6 5. Qc1 d6 6. h3 Nd5 7. Bh2 Bh6 8. c4
Nb4 9. a3 Qa5 10. Nc3 N4a6 11. Bd3 O-O 12. O-O Re8 13. b4 Qd8 14. Qc2 Nc7 15.
c5 dxc5 16. dxc5 Be6 17. Rad1 Qc8 18. Nd4 Nd7 {Diagram [#]} 19. Bxc7 Qxc7 20.
Bxg6 hxg6 21. Nxe6 Qc8 22. Nf4 Nf6 23. Ne4 Qf5 24. Nxf6+ Qxf6 25. Rd7 Bxf4 26.
exf4 Rab8 27. Qe4 Red8 28. Qxe7 Qxe7 29. Rxe7 Rd3 30. Re3 Rbd8 31. Rfe1 Kf8 32.
Rxd3 Rxd3 33. Re3 Rd7 34. Kf1 Kg7 35. Ke2 Kf6 36. Rd3 Re7+ 37. Kf3 Kg7 38. Rd6
f6 39. a4 a6 40. Rd4 Kf7 41. g4 Kg7 42. Rd3 Kh7 43. Rb3 Rc7 44. Ke4 Re7+ 45.
Kd3 1-0

[Event "Mechanics' Winter TNM; 30/90, SD/30"]
[Site "San Francisco"]
[Date "2015.02.10"]
[Round "6.17"]
[White "Royzen, Igor"]
[Black "Handler, Andrew"]
[Result "1-0"]
[WhiteElo "1874"]
[BlackElo "1672"]
[PlyCount "42"]
[EventDate "2015.??.??"]

1. d4 e6 2. Bf4 f5 3. e3 Nf6 4. Nf3 b6 5. Nbd2 Bb7 6. Bc4 d5 7. Bd3 Be7 8. h3
Nbd7 9. Qe2 O-O 10. O-O-O Ne4 11. Rhg1 c5 12. c3 c4 13. Bc2 b5 14. g4 b4 15.
gxf5 exf5 16. Ne5 Nxd2 17. Kxd2 bxc3+ 18. bxc3 Kh8 19. Qh5 Nxe5 20. Bxe5 Bf6
21. Bxf5 h6 1-0

[Event "Mechanics' Summer TNM; G/2"]
[Site "San Francisco"]
[Date "2015.07.07"]
[Round "7.10"]
[White "Royzen, Igor"]
[Black "Kokesh, Tim"]
[Result "0-1"]
[WhiteElo "1878"]
[BlackElo "2052"]
[PlyCount "74"]
[EventDate "2015.??.??"]

1. d4 e6 2. Bf4 c5 3. e3 Qb6 4. Nc3 a6 5. Rb1 Nf6 6. Nf3 cxd4 7. exd4 Nc6 8.
Be2 d5 9. O-O Be7 10. a3 O-O 11. Qd3 Nh5 12. Bg5 f6 13. Be3 Bd6 14. Ng5 fxg5
15. Bxh5 Qd8 16. b4 Bd7 17. Qd2 Qf6 18. Bg4 h6 19. Nxd5 exd5 20. Bxd7 Bxh2+ 21.
Kxh2 Qd6+ 22. f4 gxf4 23. Bxf4 Qxd7 24. Be5 Rae8 25. Qc3 Rf5 26. Qh3 Ref8 27.
Rb3 Qf7 28. Rbf3 Rh5 29. Rxf7 Rxh3+ 30. Kxh3 Rxf7 31. Rxf7 Kxf7 32. Kg4 Nxe5+
33. dxe5 g6 34. Kf4 b5 35. Ke3 Ke7 36. c3 Ke6 37. Kd4 h5 0-1

[Event "Mechanics' Spring TNM; G/2"]
[Site "San Francisco"]
[Date "2015.05.05"]
[Round "8.12"]
[White "Royzen, Igor"]
[Black "Marcus, Joel"]
[Result "1-0"]
[WhiteElo "1881"]
[BlackElo "1820"]
[PlyCount "73"]
[EventDate "2015.??.??"]

1. d4 d5 2. Bf4 Nf6 3. e3 c6 4. Nf3 Qb6 5. Qc1 g6 6. c4 Bg7 7. Nc3 O-O 8. cxd5
cxd5 9. Bd3 Nc6 10. O-O Be6 11. Qd2 Nh5 12. Bg5 f6 13. Bh4 g5 14. Bg3 Nxg3 15.
hxg3 Kh8 16. Na4 Qc7 17. Nc5 Bg8 18. Rac1 Rab8 19. b4 Qd6 20. Rc2 b6 21. Na6
Rb7 22. Rfc1 Nd8 23. Nc7 e6 24. Ba6 Rb8 25. Nb5 Qe7 26. Rc7 Qe8 27. Nd6 Qh5 28.
Rxa7 e5 29. Rcc7 Bh6 30. dxe5 g4 31. Nh4 Qxe5 32. Nhf5 Bg5 33. Bd3 Ne6 34. Re7
Rbd8 35. Nb5 d4 36. Nfxd4 Nxd4 37. Rxe5 1-0

[Event "Mechanics' Summer TNM; G/2"]
[Site "San Francisco"]
[Date "2015.05.26"]
[Round "1.23"]
[White "Royzen, Igor"]
[Black "Robertson, Guy R"]
[Result "1-0"]
[WhiteElo "1878"]
[BlackElo "1461"]
[PlyCount "73"]
[EventDate "2015.??.??"]

1. d4 Nf6 2. Bf4 d5 3. e3 e6 4. Nd2 c5 5. c3 Nc6 6. Bd3 cxd4 7. exd4 Bd6 8.
Bxd6 Qxd6 9. Ngf3 a6 10. Qe2 O-O 11. O-O b5 12. Ne5 Ne7 13. f4 Ng6 14. g4 Bb7
15. g5 Nd7 16. Qh5 Ndxe5 17. fxe5 Qe7 18. Rf3 f5 19. gxf6 gxf6 20. Bxg6 hxg6
21. Qxg6+ Qg7 22. Rg3 Qxg6 23. Rxg6+ Kh7 24. Rxf6 Rxf6 25. exf6 Kg6 26. Rf1 Rf8
27. Nf3 Rxf6 28. Ne5+ Kg7 29. Rxf6 Kxf6 30. Kf2 a5 31. a3 a4 32. Kg3 Kg5 33.
h4+ Kh5 34. Kh3 Bc8 35. Kg3 Bb7 36. Nd3 Bc6 37. Nf4+ 1-0

[Event "Mechanics' Summer TNM; G/2"]
[Site "San Francisco"]
[Date "2015.06.09"]
[Round "3.19"]
[White "Royzen, Igor"]
[Black "Stuetzel, Ezra G"]
[Result "1-0"]
[WhiteElo "1878"]
[BlackElo "1549"]
[PlyCount "67"]
[EventDate "2015.??.??"]

1. d4 d5 2. Bf4 Nf6 3. e3 Bg4 4. Be2 Bxe2 5. Nxe2 e6 6. c4 c5 7. Nbc3 Nc6 8.
cxd5 Nxd5 9. Nxd5 Qxd5 10. O-O cxd4 11. Nxd4 Nxd4 12. exd4 Be7 13. Qa4+ b5 14.
Qa6 O-O 15. Be3 Rfd8 16. Rac1 Rd6 17. Rc8+ Rxc8 18. Qxc8+ Bd8 19. Qc5 Bb6 20.
Qxd5 Rxd5 21. Rc1 h6 22. Rc8+ Kh7 23. g3 e5 24. dxe5 Bxe3 25. fxe3 Rd1+ 26. Kf2
Rd2+ 27. Kf3 Rxb2 28. Rc7 Rxa2 29. Rxf7 Kg8 30. e6 Ra6 31. Rb7 Rb6 $2 (31...
Rxe6 $11) 32. Rxa7 b4 $4 (32... Rxe6 $11) 33. Ra8+ Kh7 34. e7 1-0

[Event "Mechanics' Spring TNM; G/2"]
[Site "San Francisco"]
[Date "2015.04.28"]
[Round "7.7"]
[White "Royzen, Igor"]
[Black "Vickers, Keith"]
[Result "1/2-1/2"]
[WhiteElo "1881"]
[BlackElo "2200"]
[PlyCount "48"]
[EventDate "2015.??.??"]

1. d4 d5 2. Bf4 Nf6 3. e3 c6 4. Nf3 g6 5. Be2 Bg7 6. O-O O-O 7. c4 Bg4 8. Qb3
Qb6 9. c5 Qxb3 10. axb3 Nbd7 11. Nc3 Nh5 12. Bg5 f6 13. Bh4 g5 14. h3 Bxf3 15.
Bxf3 gxh4 16. Bxh5 e5 17. Rfe1 e4 18. b4 a6 19. Ra2 f5 20. Rea1 Nf6 21. Be2
Rad8 22. Na4 Ne8 23. Nb6 Nc7 24. Ra3 Bh6 1/2-1/2

[Event "Mechanics' Winter TNM; 30/90, SD/30"]
[Site "San Francisco"]
[Date "2015.01.13"]
[Round "2.5"]
[White "Royzen, Igor"]
[Black "Wong, Russell"]
[Result "1/2-1/2"]
[WhiteElo "1874"]
[BlackElo "2215"]
[PlyCount "48"]
[EventDate "2015.??.??"]

1. d4 g6 2. Bf4 Bg7 3. e3 c5 4. c3 Qa5 5. Nf3 Nf6 6. Be2 d5 7. O-O Nc6 8. Nbd2
Nh5 9. Nb3 Qd8 10. Nxc5 Nxf4 11. exf4 O-O 12. Re1 a6 13. Qc2 b6 14. Nb3 Qc7 15.
g3 Bg4 16. Ne5 Bh3 17. Qd1 Bd7 18. Bf3 e6 19. Nxc6 Bxc6 20. Bg2 a5 21. Nd2 a4
22. a3 Ra7 23. Nf3 Rc8 24. Ne5 Be8 1/2-1/2

[Event "Mechanics' Fall TNM; G/2"]
[Site "San Francisco"]
[Date "2015.11.17"]
[Round "5.27"]
[White "Rudyak, Felix"]
[Black "Bhattacharjee, Shiva"]
[Result "1-0"]
[WhiteElo "2010"]
[BlackElo "1355"]
[PlyCount "51"]
[EventDate "2015.??.??"]

1. d4 Nf6 2. c4 d6 3. Nc3 g6 4. f3 Bg7 5. e4 O-O 6. Be3 e5 7. Nge2 Nbd7 8. Qd2
Ne8 9. O-O-O f5 10. exf5 Rxf5 11. h4 Rf8 12. h5 Qf6 13. Ne4 Qf7 14. N2g3 exd4
15. hxg6 Qxg6 16. Bxd4 Ne5 17. Be2 Nf6 18. Rh2 Nc6 19. Bxf6 Bxf6 20. Rh6 Qg7
21. Rxf6 Rxf6 22. Nh5 Qxg2 23. Nhxf6+ Kh8 24. Qh6 Bf5 25. Ng5 Ne5 26. Ngxh7 1-0

[Event "Mechanics' Fall TNM; G/2"]
[Site "San Francisco"]
[Date "2015.10.20"]
[Round "1.16"]
[White "Rudyak, Felix"]
[Black "Eastham, Asher Dan"]
[Result "0-1"]
[WhiteElo "2010"]
[BlackElo "1462"]
[Annotator "Donaldson"]
[PlyCount "50"]
[EventDate "2015.??.??"]

1. d4 d5 2. c4 e6 3. Nc3 Nf6 4. Bg5 Be7 5. e3 h6 6. Bh4 O-O 7. Nf3 Nbd7 8. Qc2
c5 9. g4 $6 Nxg4 10. Bxe7 Qxe7 11. cxd5 cxd4 12. Nxd4 Qh4 13. Qe2 $6 (13. Nf3)
13... Nde5 14. h3 $2 (14. Nf3) 14... exd5 (14... Nd3+ {and}) (14... Nxe3 15.
Qxe3 Qxd4 {were also quite good.}) 15. Bg2 {Diagram [#]} Nxf2 $1 16. Kd2 Nxh1
17. Rxh1 Be6 18. Rf1 Rfd8 19. Rf4 Qg3 20. b3 Rac8 21. Bf1 Bxh3 22. Bxh3 Qxh3
23. Nf5 d4 $1 24. Ne7+ Kf8 25. Ncd5 Rc2+ 0-1

[Event "Mechanics' Fall TNM; G/2"]
[Site "San Francisco"]
[Date "2015.12.15"]
[Round "9.12"]
[White "Rudyak, Felix"]
[Black "Melville, Cailen J"]
[Result "0-1"]
[WhiteElo "2010"]
[BlackElo "1816"]
[PlyCount "60"]
[EventDate "2015.??.??"]

1. d4 e6 2. c4 b6 3. Nc3 Bb7 4. e4 Bb4 5. Qc2 Qh4 6. Bd3 f5 7. d5 fxe4 8. Bxe4
Nf6 9. Bf3 Qxc4 10. dxe6 Qxe6+ 11. Be3 Nd5 12. Bxd5 Bxd5 13. Kf1 Bc4+ 14. Nce2
O-O 15. Nf3 h6 16. b3 Ba6 17. Rd1 Nc6 18. h4 Qg4 19. Rh3 Bd6 20. Rxd6 cxd6 21.
Rg3 Qe6 22. Qd2 Rf6 23. Kg1 Bxe2 24. Qxe2 Re8 25. Qc2 Qe4 26. Qc1 Rg6 27. Rh3
Ne5 28. Ne1 Nd3 29. Qc3 Nxe1 30. g3 Qg2# 0-1

[Event "Mechanics' Fall TNM; G/2"]
[Site "San Francisco"]
[Date "2015.12.01"]
[Round "7.32"]
[White "Sachs-Weintraub, J."]
[Black "Casares Jr, Nick"]
[Result "0-1"]
[WhiteElo "1321"]
[BlackElo "1600"]
[PlyCount "48"]
[EventDate "2015.??.??"]

1. e4 e5 2. b3 Nf6 3. Nc3 d5 4. exd5 Nxd5 5. Bb2 Nxc3 6. Bxc3 Bd6 7. Qe2 O-O 8.
O-O-O Nd7 9. g3 Nf6 10. Bh3 Bxh3 11. Nxh3 a5 12. Bxe5 Bxe5 13. Qxe5 Re8 14. Qb5
a4 15. Qxb7 Rb8 16. Qf3 axb3 17. axb3 Qd4 18. Qc3 Qd6 19. Kb2 Ne4 20. Qd3 Qe5+
21. c3 Rxb3+ 22. Kxb3 Nc5+ 23. Kc2 Nxd3 24. Kxd3 Qe4# 0-1